[Event "GER-chT U18 Girls"]
[Site "Karlsruhe"]
[Date "2015.05.09"]
[Round "5.3"]
[White "Kiefhaber, Marlene"]
[Black "Bohdjalian, Johanna"]
[Result "1-0"]
[WhiteElo "839"]
[BlackElo "800"]
[PlyCount "99"]
[EventDate "2015.05.07"]
[EventType "team-swiss"]
[EventRounds "7"]
[EventCountry "GER"]
[SourceTitle "EXT 2017"]
[Source "ChessBase"]
[SourceDate "2016.10.25"]
[SourceVersion "1"]
[SourceVersionDate "2016.10.25"]
[SourceQuality "1"]
[WhiteTeam "Karlsruhe GG (W)"]
[BlackTeam "Voelklingen Warndt (W)"]
[WhiteTeamCountry "GER"]
[BlackTeamCountry "GER"]

1. e4 e5 2. Nf3 Nc6 3. Nc3 Nf6 4. Bb5 a6 5. Ba4 b5 6. Bb3 Bc5 7. Bd5 0-0 8. 0-0 h6 9. Bxc6 dxc6 10. d3 b4 11. Na4 a5 12. Nxc5 Qd6 13. Na4 Ba6 14. Be3 Bb5 15. b3 Qe6 16. Bc5 Qg4 17. Bxf8 Rxf8 18. c4 Ba6 19. Nc5 Bc8 20. Nxe5 Qh4 21. Ncd7 Bxd7 22. Nxd7 Ng4 23. h3 Rd8 24. Nc5 h5 25. f3 Ne3 26. Qe1 Nxf1 27. Qxh4 f6 28. Kxf1 g5 29. Qxh5 Rd6 30. Qg6+ Kf8 31. Nb7 Rd7 32. e5 Rg7 33. Qxf6+ Rf7 34. Qxg5 Rg7 35. Qd8+ Kf7 36. Qc8 Kg6 37. e6 Re7 38. Re1 Kf5 39. h4 Kg6 40. g4 Kh6 41. h5 Kg5 42. Qd8 Kf6 43. f4 c5 44. g5+ Kf5 45. Re4 Rh7 46. h6 Kg6 47. e7 Kh5 48. e8Q+ Kg4 49. f5+ Kxf5 50. Qf6# 1-0

[Event "GER-chT U18 Girls"]
[Site "Karlsruhe"]
[Date "2015.05.09"]
[Round "6.3"]
[White "Vu, Minh Anh"]
[Black "Kiefhaber, Marlene"]
[Result "1-0"]
[WhiteElo "800"]
[BlackElo "839"]
[PlyCount "57"]
[EventDate "2015.05.07"]
[EventType "team-swiss"]
[EventRounds "7"]
[EventCountry "GER"]
[SourceTitle "EXT 2017"]
[Source "ChessBase"]
[SourceDate "2016.10.25"]
[SourceVersion "1"]
[SourceVersionDate "2016.10.25"]
[SourceQuality "1"]
[WhiteTeam "Kant Gymn (W)"]
[BlackTeam "Karlsruhe GG (W)"]
[WhiteTeamCountry "GER"]
[BlackTeamCountry "GER"]

1. e4 c6 2. d4 d5 3. e5 Nd7 4. Nc3 e6 5. Nf3 Bb4 6. Bg5 f6 7. Bh4 Ne7 8. exf6 Nxf6 9. Bd3 0-0 10. 0-0 Nf5 11. a3 Bxc3 12. bxc3 Nxh4 13. Nxh4 Qd6 14. Re1 Qf4 15. g3 Qc7 16. Rb1 Qa5 17. Qd2 Qxa3 18. Nf3 Re8 19. Ng5 e5 20. Bxh7+ Nxh7 21. Nxh7 Kxh7 22. dxe5 Bh3 23. Qd3+ Kg8 24. g4 Qe7 25. Qxh3 Qa3 26. Qh5 Re6 27. Rxb7 Qxc3 28. Qf7+ Kh7 29. Qxg7# 1-0

[Event "GER-chT U10"]
[Site "Magdeburg"]
[Date "2014.12.28"]
[Round "4.4"]
[White "Deutsch, Oliver"]
[Black "Kiefhaber, Marlene"]
[Result "0-1"]
[WhiteElo "791"]
[BlackElo "865"]
[PlyCount "124"]
[EventDate "2014.12.27"]
[EventType "team-swiss"]
[EventRounds "7"]
[EventCountry "GER"]
[SourceTitle "EXT 2016"]
[Source "ChessBase"]
[SourceDate "2015.10.08"]
[SourceVersion "1"]
[SourceVersionDate "2015.10.08"]
[SourceQuality "1"]
[WhiteTeam "Gruendau"]
[BlackTeam "Karlsruhe"]
[WhiteTeamCountry "GER"]
[BlackTeamCountry "GER"]

1. e4 c6 2. Nf3 d5 3. Nc3 Nf6 4. exd5 cxd5 5. Bb5+ Nc6 6. 0-0 Bg4 7. h3 Bh5 8. d3 e5 9. Bg5 Bb4 10. a3 Bxc3 11. bxc3 0-0 12. Bxc6 bxc6 13. Qe2 h6 14. Bh4 Rb8 15. g4 Bg6 16. Nxe5 Bh7 17. Qf3 Re8 18. Bxf6 Qxf6 19. Qxf6 gxf6 20. Nxc6 Rb2 21. Nxa7 Rxc2 22. Nb5 Bxd3 23. Rad1 Bxb5 24. Rxd5 Bxf1 25. Kxf1 Rc1+ 26. Kg2 Ree1 27. Rf5 Rg1+ 28. Kf3 Rxc3+ 29. Ke4 Re1+ 30. Kf4 Rc4+ 31. Kf3 Rc3+ 32. Kf4 Rxa3 33. Rxf6 Rb1 34. Rd6 Rb4+ 35. Ke5 Ra5+ 36. Kf6 Rf4+ 37. Ke7 Re5+ 38. Kd7 Rb4 39. Rxh6 Rd4+ 40. Rd6 Rxd6+ 41. Kxd6 Re4 42. Kd5 Re2 43. Kd4 Rxf2 44. Ke3 Rh2 45. Kf4 Rxh3 46. Kf5 Kg7 47. Kg5 f6+ 48. Kf4 Kg6 49. Ke4 f5+ 50. gxf5+ Kg5 51. Ke5 Rh8 52. f6 Kg6 53. Ke6 Rf8 54. Ke7 Rxf6 55. Kd7 Kf7 56. Kd8 Rd6+ 57. Kc7 Ke7 58. Kb7 Kd8 59. Kb8 Rc6 60. Kb7 Kd7 61. Ka7 Kc8 62. Ka8 Ra6# 0-1

[Event "GER-chT U10"]
[Site "Magdeburg"]
[Date "2014.12.28"]
[Round "3.4"]
[White "Marks, Gerrit Johann"]
[Black "Kiefhaber, Marlene"]
[Result "1-0"]
[WhiteElo "600"]
[BlackElo "865"]
[PlyCount "87"]
[EventDate "2014.12.27"]
[EventType "team-swiss"]
[EventRounds "7"]
[EventCountry "GER"]
[SourceTitle "EXT 2016"]
[Source "ChessBase"]
[SourceDate "2015.10.08"]
[SourceVersion "1"]
[SourceVersionDate "2015.10.08"]
[SourceQuality "1"]
[WhiteTeam "Raesfeld Erle"]
[BlackTeam "Karlsruhe"]
[WhiteTeamCountry "GER"]
[BlackTeamCountry "GER"]

1. e4 e5 2. Nf3 Nc6 3. Bc4 Nf6 4. Nc3 Bc5 5. d3 0-0 6. 0-0 d6 7. Bg5 Bg4 8. Nd5 Re8 9. c3 Re6 10. Ne7+ Qxe7 11. Bxe6 Qxe6 12. h3 Bh5 13. g4 Bg6 14. Bxf6 Qxf6 15. g5 Qe6 16. Nd2 Qxh3 17. Qf3 Qh4 18. Qg3 Qh5 19. Kg2 Re8 20. Rh1 Qe2 21. Rad1 Re6 22. Qf3 Qxf3+ 23. Nxf3 Bh5 24. Rxh5 Ne7 25. d4 Bb6 26. d5 Rg6 27. Nh4 Rh6 28. gxh6 gxh6 29. Nf5 Ng6 30. Rxh6 Nf4+ 31. Kf3 c6 32. dxc6 bxc6 33. Rdxd6 Bc7 34. Rxc6 Ne6 35. Ne7+ Kg7 36. Rhxe6 fxe6 37. Rxc7 Kf8 38. Rxa7 Ke8 39. Nc6 Kf8 40. b4 h5 41. b5 h4 42. b6 h3 43. b7 h2 44. b8Q# 1-0